| 000 | 00924nam a22002297a 4500 | ||
|---|---|---|---|
| 999 |
_c865 _d865 |
||
| 003 | AR-CdUCM | ||
| 008 | 190225b ||||| |||| 00| 0 spa d | ||
| 020 | _a9879512650 | ||
| 040 |
_aMUNICIPALIDAD PROVINCIAL DEL CUSCO _cBIBLIOTECA MUNICIPAL DEL CUSCO |
||
| 082 |
_a133.9 / _bAC17 |
||
| 110 |
_aAcademia filosófica de la plata _93308 |
||
| 245 |
_aIntervencion de los espiritus en el mundo corporal : _bInvestigación de señales de influencia de los espíritus sobre los hombres en los textos bíblicos / |
||
| 260 |
_aLa Plata : _bLa academia, _c2006. |
||
| 300 |
_a228 paginas ; _c21 cm. _e+ 3 cuadros |
||
| 505 | _aOrigen y autenticidad de los evangelios -- Sobre los evangelios -- Del canon de la sagrada escritura ... | ||
| 650 |
_aEspiritualismo _93309 |
||
| 650 |
_aBiblia y espiritualismo _93310 |
||
| 650 |
_aApariciones _93311 |
||
| 650 |
_aexorcistas _93312 |
||
| 942 |
_2ddc _cLIBROS |
||
| 945 |
_aacv _d2019-02-25 |
||